Vestník Ministerstva poľnohospodárstva a výživy Slovenskej socialistickej republiky

Guardado en:
Detalles Bibliográficos
Formato: Seriadas
Lenguaje:eslovaco
Publicado: Bratislava Min. poľn. a výživy SSR 1989
Etiquetas: Agregar Etiqueta
Sin Etiquetas, Sea el primero en etiquetar este registro!

MARC

LEADER 00000nas2a2200000 4500
001 s035535
005 20250730114146.4
041 0 |a slo 
044 |a SK 
245 1 0 |a Vestník Ministerstva poľnohospodárstva a výživy Slovenskej socialistickej republiky 
264 1 |a Bratislava  |b Min. poľn. a výživy SSR  |c 1989 
300 |a 1 zv. 
773 0 |w eu_un_cat*s120891